|
|
|
|
| LEADER |
00000nac a2200000 i 4500 |
| 003 |
Ucuenca |
| 005 |
20230801062603.0 |
| 006 |
a||||gr|||| 001 0 |
| 007 |
ta |
| 008 |
191003t20192015ag aaaagr|||| 001 0 spa a |
| 999 |
|
|
|c 157517
|d 157517
|
| 020 |
|
|
|a 978-987-538-426-2
|
| 040 |
|
|
|a UCuenca-cdrjbv
|b spa
|c Ucuenca
|e rda
|
| 041 |
0 |
|
|a spa
|
| 082 |
0 |
|
|2 22
|a 371.2
|c 28916854
|
| 100 |
1 |
|
|a Lewin, Laura.
|e autor
|9 238001
|
| 245 |
|
|
|a Gestión educativa:
|b cómo desarrollar, motivar y liderar a tu equipo docente /
|c Laura Lewin.
|
| 250 |
|
|
|a Primera edición,
|b octava reimpresión.
|
| 264 |
|
1 |
|a Buenos Aires:
|b Noveduc libros,
|c 2019
|
| 264 |
|
4 |
|a ©2019
|
| 300 |
|
|
|a 135 páginas:
|b ilu
|c 24 cm
|
| 336 |
|
|
|2 rdacontent
|a texto
|b txt
|
| 337 |
|
|
|2 rdamedia
|a no mediado
|b n
|
| 338 |
|
|
|2 rdacarrier
|a volumen
|b nc
|
| 490 |
|
|
|a Noveduc Gestión
|
| 504 |
|
|
|a incl. bib.
|
| 505 |
|
1 |
|a Introducción -- Capítulo 1. La misión institucional -- Capítulo 2. La observación de clases -- Capítulo 3. Grupos y sujetos: gestionar el conflicto -- Capítulo 4. La motivación -- Capítulo 5. El liderazgo -- Capítulo 6. El trabajo en equipo -- Capítulo 7. Programa de desarrollo profesional -- Anexo. Conformación de equipos de trabajo -- Bibliografía.
|
| 650 |
1 |
7 |
|2 UCuenca-cdrjbv
|9 3266
|a Liderazgo
|
| 650 |
1 |
0 |
|a Enseñanza
|9 188
|
| 650 |
1 |
7 |
|a Docencia
|9 22488
|
| 650 |
1 |
0 |
|a Aprendizaje
|9 2198
|
| 942 |
|
|
|2 ddc
|c CR
|z paola.amaya@ucuenca.edu.ec
|r paola.amaya@ucuenca.edu.ec
|